<?xml version="1.0" encoding="UTF-8"?><?xml-stylesheet type="text/xsl" href="static/style.xsl"?><OAI-PMH xmlns="http://www.openarchives.org/OAI/2.0/" xmlns:xsi="http://www.w3.org/2001/XMLSchema-instance" xsi:schemaLocation="http://www.openarchives.org/OAI/2.0/ http://www.openarchives.org/OAI/2.0/OAI-PMH.xsd"><responseDate>2026-04-13T01:04:07Z</responseDate><request verb="GetRecord" identifier="oai:www.recercat.cat:2117/438838" metadataPrefix="marc">https://recercat.cat/oai/request</request><GetRecord><record><header><identifier>oai:recercat.cat:2117/438838</identifier><datestamp>2026-01-21T07:32:28Z</datestamp><setSpec>com_2072_1033</setSpec><setSpec>col_2072_452950</setSpec></header><metadata><record xmlns="http://www.loc.gov/MARC21/slim" xmlns:dcterms="http://purl.org/dc/terms/" xmlns:xsi="http://www.w3.org/2001/XMLSchema-instance" xmlns:doc="http://www.lyncode.com/xoai" xsi:schemaLocation="http://www.loc.gov/MARC21/slim http://www.loc.gov/standards/marcxml/schema/MARC21slim.xsd">
   <leader>00925njm 22002777a 4500</leader>
   <datafield ind2=" " ind1=" " tag="042">
      <subfield code="a">dc</subfield>
   </datafield>
   <datafield ind2=" " ind1=" " tag="720">
      <subfield code="a">Domínguez Alonso, José Manuel</subfield>
      <subfield code="e">author</subfield>
   </datafield>
   <datafield ind2=" " ind1=" " tag="720">
      <subfield code="a">Martinez Estevez, Ivan</subfield>
      <subfield code="e">author</subfield>
   </datafield>
   <datafield ind2=" " ind1=" " tag="720">
      <subfield code="a">Garcia-Feal, Orlande</subfield>
      <subfield code="e">author</subfield>
   </datafield>
   <datafield ind2=" " ind1=" " tag="720">
      <subfield code="a">Capasso, Salvatore</subfield>
      <subfield code="e">author</subfield>
   </datafield>
   <datafield ind2=" " ind1=" " tag="720">
      <subfield code="a">Tagliafierro, Bonaventura</subfield>
      <subfield code="e">author</subfield>
   </datafield>
   <datafield ind2=" " ind1=" " tag="720">
      <subfield code="a">Altomare, Corrado</subfield>
      <subfield code="e">author</subfield>
   </datafield>
   <datafield ind2=" " ind1=" " tag="720">
      <subfield code="a">Cabrera Crespo, Alejandro Jacobo</subfield>
      <subfield code="e">author</subfield>
   </datafield>
   <datafield ind2=" " ind1=" " tag="720">
      <subfield code="a">De Castro Rodríguez, María Teresa</subfield>
      <subfield code="e">author</subfield>
   </datafield>
   <datafield ind2=" " ind1=" " tag="720">
      <subfield code="a">Gómez Gesteira, Moncho</subfield>
      <subfield code="e">author</subfield>
   </datafield>
   <datafield ind2=" " ind1=" " tag="520">
      <subfield code="a">This work shows how numerical simulation of fluids was successfully introduced to higher education students and researchers from different national and foreign universities. The use of computational fluid dynamics (CFD) models can be very challenging and present a steep learning curve. However, the dissemination and learning of such models can be greatly facilitated by supplying two- or three-day intensive, basic training. The main purpose of these courses is to break down the initial barrier and provide the necessary skills to enable students or researchers to move forward on their own.&#xd;
&#xd;
The Environmental Physics Laboratory (EPhysLab) research group at the Universidade de Vigo is one of the main developers of a CFD-based model called DualSPHysics. This is an international collaborative project involving universities from different countries, such as, Universidade de Vigo (Spain), The University of Manchester (UK), Università degli studi di Parma (Italy), New Jersey Institute of Technology (US), and Universitat Politècnica de Catalunya (Spain). DualSPHysics is an open-source implementation of the Smoothed Particle Hydrodynamics (SPH) method specially designed for modelling free-surface turbulent flows in ocean engineering applications (modelling of all types of floating structures and wave energy devices) and coastal protection (modelling of breakwaters).&#xd;
&#xd;
The EPhysLab group has over 10 years of experience in teaching numerical modelling courses using DualSPHysics. More than 30 in-person training courses have been given at universities and conference workshops in 14 countries on 4 different continents (more information at https://dual.sphysics.org/training/). The methodology of these courses has been refined based on the feedback received at each event and has resulted in an increase in the number of users and popularity of the DualSPHysics software (more than 140 thousand downloads so far). These events have also led to the development of numerous bachelor's, master's, and doctoral theses at universities around the world.</subfield>
   </datafield>
   <datafield ind2=" " ind1=" " tag="520">
      <subfield code="a">Peer Reviewed</subfield>
   </datafield>
   <datafield ind2=" " ind1=" " tag="520">
      <subfield code="a">Postprint (published version)</subfield>
   </datafield>
   <datafield tag="653" ind2=" " ind1=" ">
      <subfield code="a">Àrees temàtiques de la UPC::Ensenyament i aprenentatge::Ensenyament universitari</subfield>
   </datafield>
   <datafield tag="653" ind2=" " ind1=" ">
      <subfield code="a">Àrees temàtiques de la UPC::Enginyeria mecànica::Mecànica de fluids</subfield>
   </datafield>
   <datafield tag="653" ind2=" " ind1=" ">
      <subfield code="a">Training courses</subfield>
   </datafield>
   <datafield tag="653" ind2=" " ind1=" ">
      <subfield code="a">Dissemination</subfield>
   </datafield>
   <datafield tag="653" ind2=" " ind1=" ">
      <subfield code="a">Numerical modelling</subfield>
   </datafield>
   <datafield tag="653" ind2=" " ind1=" ">
      <subfield code="a">Open source</subfield>
   </datafield>
   <datafield ind2="0" ind1="0" tag="245">
      <subfield code="a">Breaking the initial barrier in teaching numerical modelling to higher education students and junior researchers</subfield>
   </datafield>
</record></metadata></record></GetRecord></OAI-PMH>